The rise of opera

Shranjeno v:
Bibliografske podrobnosti
Glavni avtor: Donington, Robert (Author)
Format: Knjiga
Jezik:angleščina
Izdano: Londres Faber and Faber 1981
Teme:
Oznake: Označite
Brez oznak, prvi označite!

MARC

LEADER 00000nam a2200000 a 4500
001 UCN2921
003 CL-VaPUC
008 010615e19810000UK |||||||||||||||||eng|d
082 0 4 |a 782.109  |b DON  |2 21 
100 0 |a Donington, Robert  |e author  |9 459205 
245 1 4 |a The rise of opera 
300 |a 399 p 
942 |c BK 
945 |d 20010615 00:00:00  |a crobeson 
260 |a Londres  |b Faber and Faber  |c 1981 
650 7 |a OPERA  |2 CL-VaPUC  |9 459206 
650 7 |a MUSICA HISTORIA  |2 CL-VaPUC  |9 306301 
650 0 |a Música vocal   |9 306287 
650 0 |a Óperas, argumentos, tramas, etc.  |9 306494 
583 |a last modification  |c 20010615 00:00:00  |k Rodrigo Vera 
999 |c 295937  |d 295935 
952 |0 0  |1 0  |4 0  |6 782_109000000000000_DON_1981  |7 0  |8 A  |9 349390  |a BIBEDU  |b BIBEDU  |d 2019-11-20  |i 1186264  |o 782.109 DON 1981  |p 1186264  |r 2022-01-17  |w 2019-11-20  |y BK  |k MUS